000 00894nam a22002057a 4500
999 _c11510
_d11510
003 AR-CdUCM
008 190404b ||||| |||| 00| 0 spa d
040 _aMUNICIPALIDAD PROVINCIAL DEL CUSCO
_cBIBLIOTECA MUNICIPAL DEL CUSCO
082 _a581.985 /
_bW36 / 1945
100 _aWeberbauer, Augusto
_928928
245 _aEl mundo vegetal de los andes peruanos :
_bEstudio fitogeográfico /
260 _aLima :
_bLumen,
_c1945.
300 _a776 páginas ;
_c25 cm.
_bIlustraciones, fotografías.
505 _aContenido : Datos históricos y bibliográfico -- Resumen de la geografía del Perú andino -- Unidades sistemáticas, escogidas de la flora peruana -- Vegetación y flora como bases de la división fitogeografica de los andes peruanos ...
650 _aFlora
_920658
650 _aVegetación
_922894
650 _aAndes peruanos
_96688
942 _2ddc
_cLIBROS
945 _arah